| 000 | 01677nam a2200481 i 4500 | ||
|---|---|---|---|
| 001 | 15014 | ||
| 003 | KOSZ 005 | ||
| 005 | 20240405063021.0 | ||
| 008 | 080305s1964 pl a f 001 0 pol | ||
| 015 | _aPB 1964/5073 | ||
| 035 | _a991040406819705066 | ||
| 035 | _a(PL-WaBN)b20799184-48omnis_nlop | ||
| 035 | _ab20799184 | ||
| 035 | _a(OCoLC)831308332 | ||
| 035 | _a(PL)b0000002079918 | ||
| 035 | _a(EXLNZ-48OMNIS_NETWORK)9910104208205606 | ||
| 040 |
_aWA N _cWA N _dKOSZ 005/KK _dKOSZ 005/RW |
||
| 045 |
_bd1919 _bd1920 |
||
| 046 | _k1964 | ||
| 080 | _a327(438:47) | ||
| 080 | _a329(438) | ||
| 100 | 1 |
_aLeinwand, Artur _d(1923-1995) _eAutor |
|
| 245 | 1 | 0 |
_aPolska Partia Socjalistyczna wobec wojny polsko-radzieckiej 1919-1920 / _cArtur Leinwand. |
| 260 |
_aWarszawa : _bPaństwowe Wydawnictwo Naukowe, _c1964. |
||
| 300 |
_a292, [4] strony, 4 karty tablic : _bilustracje ; _c18 cm. |
||
| 336 |
_aTekst _btxt _2rdacontent |
||
| 337 |
_aBez urządzenia pośredniczącego _bn _2rdamedia |
||
| 338 |
_aWolumin _bnc _2rdacarrier |
||
| 380 | _aKsiążki | ||
| 380 | _aPublikacje naukowe | ||
| 388 | _a1901-2000 | ||
| 504 | _aBibliografia na stronach 275-[286]. Indeks. | ||
| 610 | 2 | 7 |
_aPolska Partia Socjalistyczna (1892-1948) _2DBN |
| 648 | 7 |
_a1901-2000 _2DBN |
|
| 648 | 7 |
_a1918-1939 _2DBN |
|
| 650 | 7 |
_aWojna polsko-bolszewicka (1919-1920) _2DBN |
|
| 651 | 7 | _aPolska | |
| 658 | _aHistoria | ||
| 710 | 2 |
_aPaństwowe Wydawnictwo Naukowe _4pbl |
|
| 856 |
_uhttp://koha.tu.koszalin.pl/cgi-bin/koha/opac-detail.pl?biblionumber=15014 _yKatalog online BPK |
||
| 942 |
_2UKD _cKS |
||
| 999 |
_c15014 _d15014 |
||